Thơ Hồ Chí Minh /

সংরক্ষণ করুন:
গ্রন্থ-পঞ্জীর বিবরন
প্রধান লেখক: Hồ Chí Minh
বিন্যাস: Sách giấy
ভাষা:Vietnamese
প্রকাশিত: H. : Văn hoá Thông tin, 1997
বিষয়গুলি:
ট্যাগগুলো: ট্যাগ যুক্ত করুন
কোনো ট্যাগ নেই, প্রথমজন হিসাবে ট্যাগ করুন!
Thư viện lưu trữ: Thư viện Trường Đại học Đà Lạt
LEADER 00658nam a2200277 4500
001 DLU020011058
005 ##12/8/1999
041 # # |a vie 
082 # # |a 895.922 1  |b HO-M 
090 # # |a 895.922 1  |b HO-M 
100 # # |a Hồ Chí Minh 
245 # # |a Thơ Hồ Chí Minh /  |c Hồ Chí Minh 
260 # # |a H. :  |b Văn hoá Thông tin,  |c 1997 
300 # # |a 407 tr.;   |c 20 cm. 
653 # # |a Hồ Chí Minh, 1890-1969 
653 # # |a Phê bình văn học 
653 # # |a Thơ ca 
992 # # |a 32000 
994 # # |a DLU 
900 # # |a False 
911 # # |a Administrator 
925 # # |a G 
926 # # |a A 
927 # # |a SH 
980 # # |a Thư viện Trường Đại học Đà Lạt